|
|
|
|
| LEADER |
01421nam a2200361 a 4500 |
| 001 |
28697 |
| 003 |
BD-DhAAL |
| 005 |
20141222101038.0 |
| 008 |
141222s1998 ii af 000 0aeng |
| 010 |
|
|
|a 98908655
|
| 020 |
|
|
|a 0140277846
|
| 025 |
|
|
|a I-E-98-908655; 27; 70
|
| 037 |
|
|
|b Library of Congress -- New Delhi Field Office
|c Rs250.00
|
| 040 |
|
|
|a DLC
|c DLC
|d BD-DhAAL
|
| 042 |
|
|
|a lcode
|
| 043 |
|
|
|a a-ii---
|
| 050 |
0 |
0 |
|a PR9499.3.D4
|b Z87 1998
|
| 082 |
0 |
0 |
|a 823
|2 21
|
| 100 |
1 |
|
|a Dé, Shobha,
|d 1948-
|9 6910
|
| 245 |
1 |
0 |
|a Selective memory :
|b stories from my life /
|c Shobha Dé.
|
| 260 |
|
|
|a New Delhi ;
|a New York :
|b Penguin Books,
|c 1998.
|
| 300 |
|
|
|a 531 p., [16] p. of plates :
|b ill. ;
|c 21 cm.
|
| 500 |
|
|
|a Autobiographical.
|
| 520 |
|
|
|a Autobiography of an Indic woman writer in English, journalist, and a former model.
|
| 541 |
|
|
|e 28697
|
| 600 |
1 |
0 |
|a Dé, Shobha,
|d 1948-
|9 6911
|
| 650 |
|
0 |
|a Authors, Indic
|y 20th century
|x Biography.
|9 6912
|
| 650 |
|
0 |
|a Indic fiction (English)
|x Women authors
|x Biography.
|9 6913
|
| 650 |
|
0 |
|a Journalists
|z India
|x Biography.
|9 6914
|
| 650 |
|
0 |
|a Women journalists
|z India
|x Biography.
|9 6915
|
| 942 |
|
|
|2 ddc
|c BK
|
| 999 |
|
|
|c 33327
|d 33327
|
| 952 |
|
|
|0 0
|1 0
|2 ddc
|4 0
|6 823_000000000000000_DES
|7 0
|9 44512
|a BRACUL
|b BRACUL
|c GEN
|d 2014-12-22
|e BRAC Institute of Language (BIL)
|l 0
|o 823 DES
|p 3010028697
|r 2014-12-22
|t 1
|w 2014-12-22
|y BK
|x Transferred from BIL to BRACUL on 06/06/22
|